El Meta : 50 años, 1960 - 2010 / (Registro nro. 35497)
[ vista simple ]
| 000 -CABECERA | |
|---|---|
| Longitud fija campo de control | 00844nas a2200265 a 4500 |
| 003 - • IDENTIFICADOR DELl NÚMERO DE CONTROL | |
| Identificador del número de control | CO-ViMGA |
| 005 - • FECHA Y HORA DE LA ÚLTIMA TRANSACCIÓN | |
| Fecha y hora de la última transacción | 20250801162558.0 |
| 008 - • CÓDIGOS DE INFORMACIÓN DE LONGITUD FIJA | |
| Códigos de información de longitud fija | 971003c199u9999ck ur p r 0 0a0spa d |
| 020 ## - • NÚMERO INTERNACIONAL NORMALIZADO PARA LIBROS | |
| Número Internacional Normalizado para Libros (ISBN) | 9789589931813 |
| 040 ## - FUENTE DE LA CATALOGACIÓN | |
| Centro catalogador de origen | CO-ViMGA |
| Lengua de catalogación | spa |
| Centro transcriptor | CO-ViMGA |
| 043 ## - CÓDIGO DE ÁREA GEOGRÁFICA | |
| Código de área geográfica | s-ck--- |
| 082 04 - • NÚMERO DE LA CLASIFICACIÓN DECIMAL DEWEY | |
| Número de clasificación (R) | Fr 918.6156 |
| Número del ítem | M52 |
| 110 ## - • PUNTO DE ACCESO PRINCIPAL-NOMBRE DE ENTIDAD CORPORATIVA | |
| Nombre de entidad corporativa o nombre de jurisdicción como elemento inicial | Gobernación del Meta |
| 245 00 - • TITULO PROPIAMENTE DICHO | |
| Título | El Meta : 50 años, 1960 - 2010 / |
| Mención de responsabilidad, etc. | Gobernación del Meta |
| 300 ## - • DESCRIPCIÓN FÍSICA | |
| Extensión | 271 p. |
| Otras características físicas | il. fot. ; |
| Dimensiones | 28 cm. |
| 650 14 - • PUNTO DE ACCESO ADICIONAL DE MATERIA - TÉRMINO DE MATERIA | |
| Término de materia o nombre geográfico como elemento inicial | Meta (Colombia) |
| Subdivisión de materia general | Turismo |
| 651 ## - • PUNTO DE ACCESO ADICIONAL DE MATERIA - NOMBRE GEOGRÁFICO | |
| Nombre geográfico | Colombia |
| 651 ## - • PUNTO DE ACCESO ADICIONAL DE MATERIA - NOMBRE GEOGRÁFICO | |
| Nombre geográfico | Meta (Colombia) |
| Subdivisión de forma | Historia |
| 651 ## - • PUNTO DE ACCESO ADICIONAL DE MATERIA - NOMBRE GEOGRÁFICO | |
| Nombre geográfico | Meta (Colombia) |
| Subdivisión de materia general | Vida social y costumbres |
| 710 1# - • PUNTO DE ACCESO ADICIONAL - NOMBRE DE ENTIDAD | |
| Nombre de entidad o nombre de jurisdicción como elemento inicial | Colombia. |
| Unidad subordinada | Gobernación del Meta. |
| 942 ## - ENTRADA DE ELEMENTOS AGREGADOS (KOHA) | |
| Fuente de clasificaión o esquema | Dewey Decimal Classification |
| Koha [por defecto] tipo de item | LIbro |
| Perdido | Fuente de clasificación o esquema | Estado Físico | No para préstamo | Forma de adquisición | Localización permanente | Localización actual | Fecha adquisición | Préstamos totales | Signatura completa | Código de barras | Fecha última consulta | Número de copia | Fecha del precio de reemplazo | Tipo de item de Koha | Localización en estanterías | Note pública |
|---|---|---|---|---|---|---|---|---|---|---|---|---|---|---|---|---|
| Colección Depósito Legal del Meta | Biblioteca Pública Departamental Eduardo Carranza - Villavicencio | Biblioteca Pública Departamental Eduardo Carranza - Villavicencio | 01/22/2019 | 918.6156 O76m | ECA27235 | 11/26/2024 | Ej.1 | 11/26/2024 | LIbro | Local Patrimonial | 20159 | 25993 | |||||
| Dewey Decimal Classification | Fondo Regional Tercer Piso | Biblioteca Pública Germán Arciniegas - Villavicencio | Biblioteca Pública Germán Arciniegas - Villavicencio | 05/12/2016 | Fr 918.6156 M52 | 30046 | 02/25/2019 | Ej. 1 | 05/12/2016 | LIbro |